[Event "FRA-chT4 1516"]
[Site "Champagne Ardenne"]
[Date "2016.04.03"]
[Round "7"]
[White "Alirached, Fodil"]
[Black "Sohier, Renaud"]
[Result "1-0"]
[WhiteElo "1978"]
[BlackElo "2018"]
[PlyCount "109"]
[EventDate "2015.12.06"]
[EventType "team-tourn"]
[EventRounds "7"]
[EventCountry "FRA"]
[SourceTitle "EXT 2024"]
[Source "ChessBase"]
[SourceDate "2023.10.10"]
[SourceVersion "1"]
[SourceVersionDate "2023.10.10"]
[SourceQuality "1"]

1. d4 d5 2. c4 c6 3. Bf4 Nf6 4. e3 Nbd7 5. Nc3 e6 6. Nf3 Qa5 7. Bd3 dxc4 8. Bxc4 Nb6 9. Bc7 Qb4 10. Bxb6 Qxc4 11. Qb3 Qb4 12. Qxb4 Bxb4 13. Bc5 Bxc3+ 14. bxc3 Ne4 15. Nd2 Nxc3 16. Nc4 Ne4 17. Bb4 b5 18. Na5 Bd7 19. f3 Nf6 20. Nb7 Nd5 21. Bc5 Nxe3 22. Nd6+ Kd8 23. Kf2 Nc4 24. Nxf7+ Kc7 25. Nxh8 Rxh8 26. Bxa7 Kd6 27. Bc5+ Kd5 28. f4 Nb2 29. Ke2 Be8 30. Kd2 Bg6 31. Rhe1 b4 32. Re5+ Kc4 33. Rc1+ Kb5 34. Be7+ Kb6 35. Rxe6 Ra8 36. Rexc6+ Kb7 37. Rc7+ Kb6 38. R7c6+ Kb7 39. Rc7+ Kb6 40. R1c6+ Kb5 41. Rc5+ Kb6 42. Rc8 Rxa2 43. Bd8+ Kb7 44. R5c7+ Ka6 45. Ra8+ Kb5 46. Rxa2 Nc4+ 47. Rxc4 Kxc4 48. Rb2 Bf7 49. Ba5 b3 50. Bc3 Bd5 51. g3 Be4 52. d5 g6 53. d6 Bf5 54. Be5 h5 55. Kc1 1-0

[Event "FRA-chT4"]
[Site "Ech Ardennais/La Francheville"]
[Date "2004.11.07"]
[Round "2"]
[White "Minet, Steve"]
[Black "Alirached, Fodil"]
[Result "0-1"]
[WhiteElo "2152"]
[BlackElo "1991"]
[PlyCount "88"]
[EventDate "2004.10.10"]
[EventType "team-tourn"]
[EventRounds "3"]
[EventCountry "FRA"]
[SourceTitle "EXT 2007"]
[Source "ChessBase"]
[SourceDate "2006.11.23"]
[SourceVersion "1"]
[SourceVersionDate "2006.11.23"]
[SourceQuality "1"]

1. e4 c5 2. Nf3 Nf6 3. e5 Nd5 4. Nc3 Nxc3 5. bxc3 e6 6. d4 d5 7. exd6 Bxd6 8. Bd3 Nc6 9. 0-0 h6 10. Re1 0-0 11. Qe2 Re8 12. Ne5 cxd4 13. Nxc6 bxc6 14. Qe4 f5 15. Qxc6 Rb8 16. Bxf5 Bb7 17. Qc4 Bd5 18. Qxd4 Qc7 19. h3 Bc5 20. Qd3 Rbd8 21. Bh7+ Kh8 22. Be4 Bc4 23. Qf3 Rf8 24. Bg5 Rxf3 25. Bxd8 Bxf2+ 26. Kh1 Qxd8 27. Red1 Rxh3+ 28. gxh3 Qh4 29. Bg2 Bd5 30. Rd3 Bg3 31. Kg1 Bf2+ 32. Kf1 Bc4 33. Rb1 Bxd3+ 34. cxd3 Bb6 35. d4 Qf4+ 36. Ke2 Qg3 37. Bf3 Qh2+ 38. Ke3 Qxa2 39. Be4 Qc4 40. Kd2 Qc7 41. Rf1 Qh2+ 42. Kd3 Qd6 43. h4 Bxd4 44. Kc2 Bf6 0-1

[Event "France-ch U20"]
[Site "Reims"]
[Date "2004.04.19"]
[Round "3"]
[White "Alirached, Fodil"]
[Black "Guennoun, Anthony"]
[Result "1/2-1/2"]
[WhiteElo "1992"]
[BlackElo "2153"]
[PlyCount "54"]
[EventDate "2004.04.??"]
[EventType "swiss"]
[EventRounds "9"]
[EventCountry "FRA"]
[SourceTitle "EXT 2005"]
[Source "ChessBase"]
[SourceDate "2004.11.15"]
[SourceVersion "1"]
[SourceVersionDate "2004.11.15"]
[SourceQuality "1"]

1. d4 c5 2. e3 Nf6 3. Nf3 cxd4 4. exd4 d5 5. c3 Bf5 6. Bf4 Nbd7 7. Bd3 Bxd3 8. Qxd3 e6 9. 0-0 Be7 10. Nbd2 0-0 11. h3 Rc8 12. Rfe1 Qb6 13. Rab1 Qa5 14. a3 Qb6 15. Ne5 a5 16. Qg3 Nxe5 17. Bxe5 a4 18. Re3 Kh8 19. Qg5 h6 20. Qh5 Ng8 21. Qg4 Nf6 22. Qh4 Ng8 23. Qg4 Bf6 24. Bxf6 Nxf6 25. Qh4 Qd8 26. g4 Nd7 27. Qg3 g6 1/2-1/2

[Event "FRA-chT4 0304"]
[Site "Champagne Ardenne"]
[Date "2003.11.16"]
[Round "2"]
[White "Kirakosyan, Artak"]
[Black "Alirached, Fodil"]
[Result "1-0"]
[WhiteElo "1999"]
[BlackElo "1963"]
[PlyCount "45"]
[EventDate "2003.10.??"]
[EventRounds "6"]
[EventCountry "FRA"]
[SourceTitle "EXT 2005"]
[Source "ChessBase"]
[SourceDate "2004.11.15"]
[SourceVersion "1"]
[SourceVersionDate "2004.11.15"]
[SourceQuality "1"]

1. e4 c5 2. Nf3 d6 3. d4 cxd4 4. Nxd4 Nf6 5. Nc3 g6 6. Be3 Bg7 7. f3 Nc6 8. Qd2 0-0 9. Bc4 Bd7 10. 0-0-0 Qa5 11. Bb3 Rfc8 12. g4 Ne5 13. h4 b5 14. h5 Nc4 15. Bxc4 Rxc4 16. hxg6 fxg6 17. Nb3 Qc7 18. g5 b4 19. gxf6 Rc8 20. Qh2 Bxf6 21. Qxh7+ Kf8 22. Bh6+ Ke8 23. Qg8# 1-0

[Event "FRA-chT4 0203"]
[Site "Champagne Ardenne"]
[Date "2002.10.13"]
[Round "1"]
[White "Alirached, Fodil"]
[Black "Collet, Guillaume"]
[Result "1/2-1/2"]
[WhiteElo "2009"]
[BlackElo "1890"]
[PlyCount "43"]
[EventDate "2002.10.02"]
[EventType "team-tourn"]
[EventRounds "7"]
[EventCountry "FRA"]
[SourceTitle "EXT 2005"]
[Source "ChessBase"]
[SourceDate "2004.11.15"]
[SourceVersion "1"]
[SourceVersionDate "2004.11.15"]
[SourceQuality "1"]

1. d4 d5 2. c4 c6 3. e3 Nf6 4. Nf3 e6 5. Nc3 a6 6. Bd3 Be7 7. 0-0 Nbd7 8. a3 0-0 9. cxd5 exd5 10. b4 Re8 11. Rb1 b6 12. Qb3 Rb8 13. Bd2 Bb7 14. e4 Nxe4 15. Nxe4 dxe4 16. Bxe4 Nf6 17. Ne5 Nxe4 18. Qxf7+ Kh8 19. Rb3 Ng5 20. Bxg5 Bxg5 21. Qh5 Rxe5 22. dxe5 1/2-1/2

[Event "Paris Apsap op 54rd"]
[Site "Paris"]
[Date "2002.??.??"]
[Round "3"]
[White "Alirached, Fodil"]
[Black "Corvo, Jimmy"]
[Result "1-0"]
[WhiteElo "2009"]
[BlackElo "1760"]
[PlyCount "39"]
[EventDate "2002.08.15"]
[EventType "swiss"]
[EventRounds "9"]
[EventCountry "FRA"]
[SourceTitle "EXT 2003"]
[Source "ChessBase"]
[SourceDate "2002.11.25"]
[SourceVersion "1"]
[SourceVersionDate "2002.11.25"]
[SourceQuality "1"]

1. d4 d5 2. c4 e6 3. Nc3 Nf6 4. Bg5 Nbd7 5. e3 Be7 6. Nf3 0-0 7. Bd3 c5 8. dxc5 Nxc5 9. cxd5 Nxd3+ 10. Qxd3 exd5 11. 0-0 Be6 12. Rfd1 Qb6 13. a3 Rfd8 14. Rac1 Rac8 15. Rc2 a6 16. Rdc1 Qd6 17. Bxf6 Bxf6 18. Nxd5 Bxb2 19. Ng5 Qxd5 20. Qxd5 1-0

[Event "Paris Apsap op 53rd"]
[Site "Paris"]
[Date "2002.??.??"]
[Round "9"]
[White "Crudo, Franck"]
[Black "Alirached, Fodil"]
[Result "1-0"]
[WhiteElo "2069"]
[BlackElo "2009"]
[PlyCount "55"]
[EventDate "2002.??.??"]
[EventType "swiss"]
[EventRounds "9"]
[EventCountry "FRA"]
[SourceTitle "EXT 2003"]
[Source "ChessBase"]
[SourceDate "2002.11.25"]
[SourceVersion "1"]
[SourceVersionDate "2002.11.25"]
[SourceQuality "1"]

1. e4 c5 2. c3 d5 3. exd5 Qxd5 4. d4 Nc6 5. Nf3 Nf6 6. Be3 Bg4 7. Be2 e6 8. 0-0 0-0-0 9. h3 Bh5 10. Qa4 Nd7 11. c4 Qf5 12. Nh4 Qf6 13. Bxh5 Qxh4 14. Bf3 Nb6 15. Qb5 Nxd4 16. Bxd4 Qxd4 17. Na3 Qd7 18. Qa5 Qa4 19. Qc3 Qb4 20. Qc2 f5 21. Qe2 Re8 22. Rad1 e5 23. Bd5 g6 24. Nb5 a6 25. Bf7 Re7 26. Qd3 Bh6 27. Qd6 Rxf7 28. Na7# 1-0